Les institutions de la France moderne : XVe - XVIIe siècle (notice n° 1925525)

détails MARC
000 -LEADER
fixed length control field 01579cam a2200133 4500500
005 - DATE AND TIME OF LATEST TRANSACTION
control field 20260329023218.0
041 ## - LANGUAGE CODE
Language code of text/sound track or separate title fre
042 ## - AUTHENTICATION CODE
Authentication code dc
100 10 - MAIN ENTRY--PERSONAL NAME
Personal name Avezou, Laurent
Relator term author
245 00 - TITLE STATEMENT
Title Les institutions de la France moderne : XVe - XVIIe siècle
260 ## - PUBLICATION, DISTRIBUTION, ETC.
Name of publisher, distributor, etc. Armand Colin,<br/>
Date of publication, distribution, etc. 2014.<br/>
520 ## - SUMMARY, ETC.
Summary, etc. Cet ouvrage propose une analyse méthodique des institutions de la France dite moderne, depuis le milieu du XVe siècle, fin de la guerre de Cent Ans, jusqu’à 1789, début de la Révolution. Cette longue période est dominée par la montée en puissance de l’État royal, mais également marquée par le décalage constant entre volontarisme politique et réalité sociale. Une première partie détaille les institutions monarchiques, depuis la personne du roi jusqu’à celle de ses agents, au niveau central, puis provincial. Elle met en lumière les rapports, souvent ambigus, voire conflictuels, qui existent entre le quadrillage souverain et des réalités institutionnelles préexistantes. Celles-ci sont largement décrites dans la deuxième partie de l’ouvrage : Église, seigneuries, communautés d’habitants, villes, assemblées d’états sont présentées dans leur fonctionnement et dans leur relation à la monarchie. L’auteur s’attache à souligner leurs caractéristiques spécifiques et achève ce panorama par l’évocation des marges confessionnelles et sociales, hors du cadre institutionnel classique.
856 41 - ELECTRONIC LOCATION AND ACCESS
Uniform Resource Identifier <a href="https://shs.cairn.info/les-institutions-de-la-france-moderne--9782200286606?lang=fr&redirect-ssocas=7080">https://shs.cairn.info/les-institutions-de-la-france-moderne--9782200286606?lang=fr&redirect-ssocas=7080</a>

Pas d'exemplaire disponible.

PLUDOC

PLUDOC est la plateforme unique et centralisée de gestion des bibliothèques physiques et numériques de Guinée administré par le CEDUST. Elle est la plus grande base de données de ressources documentaires pour les Étudiants, Enseignants chercheurs et Chercheurs de Guinée.

Adresse

627 919 101/664 919 101

25 boulevard du commerce
Kaloum, Conakry, Guinée

Réseaux sociaux

Powered by Netsen Group @ 2025